000 00732nam a2200217Ii 4500
003 JO-AjNU
008 230605s9999||||xx |||||||||||||| ||und||
017 _a2019/6/3081
040 _aJO-AjNU
_bara
_erda
_cJO-AjNU
041 _aara
050 1 4 _aPJ7696.I5.Z749.2019
100 3 _aتاليف الجندي، محمد سليم,
_eauthor
_962673
245 0 0 _aامرؤ القيس
250 _aط1
264 3 1 _aعمان: وزارة الثقافة، 2019
300 _a202ص
336 _atext
_btxt
_2rdacontent
337 _aunmediated
_bn
_2rdamedia
338 _avolume
_bnc
_2rdacarrier
650 4 _aالشعراء العرب-العصر الجاهلي-الشعر العربي-تاريخ ونقد-امرؤ القيس
_962674
999 _aA28391
_c31959
_d31959